000 00485nam a2200181Ia 4500
008 240925s9999 xx 000 0 und d
020 _a9788131215197
082 _a621.3822 TAN
100 _aTan, Li
245 0 _aDigital Signal Processing: fundamentals and applications
250 _aNA
260 _aNew York:
_bAcademy Press
_c,2008.
300 _aviii,511p.
_bN.A
_fOriginal
500 _aNA
600 _aTelecommunication Engineering
650 _aTechnology
942 _cBK
999 _c10985
_d10985